Scrabble Accepted Words By Changing One Letter Of Word HARE - Statistics

General Stats
  • This quiz has been taken 86 times
  • The average score is 17 of 24
Answer Stats
Answer % Correct
Care
89%
Dare
89%
Mare
89%
Fare
88%
Bare
86%
Hire
83%
Hart
82%
Tare
81%
Hard
79%
Hate
78%
Here
78%
Ware
78%
Harm
75%
Rare
75%
Harp
72%
Have
71%
Hale
69%
Hark
61%
Hame
58%
Hake
56%
Yare
54%
Harl
53%
Haze
53%
Hade
51%
No matching quizzes found
Score Distribution
Percent of People with Each Score
Percentile by Number Answered
Your Score History
You have not taken this quiz